000 00562nam a22002297a 4500
001 64215
003 UA-OsUOA
005 20211020220404.0
007 ta
008 20091103b un ||||| |||| 00| 0 ukr d
040 _aUA-OsUOA
_brus
_cUA-OsUOA
_dUA-OsUOA
041 _arus
080 _a94(470+571)
090 _a94(470+571)
_bП58
100 _aПоплавский С.
245 _aТоварищи в борьбе
260 _aМ.
_bВИМО СССР
_c1963
300 _a260 с.
650 7 _a94 Історія
_2UDC
942 _cBK
_2udc
955 _a3
999 _c350254
_d350254